000 00611nam a22002057a 4500
999 _c9168
_d9168
003 AR-CdUCM
008 190327b ||||| |||| 00| 0 spa d
040 _aMUNICIPALIDAD PROVINCIAL DEL CUSCO
_cBIBLIOTECA MUNICIPAL DEL CUSCO
082 _a869.56 /
_bP338
100 _aPavletich Blengeri, José
_925214
245 _aEspacio inconcluso /
260 _aLima :
_bAlbatros,
_c1979.
300 _a31 páginas ;
_c20 cm.
505 _aContenido: Poesía peruana.
650 _aPoesía peruana
_9806
650 _aPoemas latinoamericanos
_925215
650 _aSiglo XX
_98
942 _2ddc
_cLIBROS
945 _adavv